ConstructionSkills migrant workers (Record no. 120596)

MARC details
000 -LEADER
fixed length control field 00946cai a22001815a 4500
001 - CONTROL NUMBER
control field L138007
008 - FIXED-LENGTH DATA ELEMENTS--GENERAL INFORMATION
fixed length control field 070511u xxk g 000 0 eng d
035 ## - SYSTEM CONTROL NUMBER
System control number (Sirsi) u138007
041 0# - LANGUAGE CODE
Language code of text/sound track or separate title eng
110 2# - MAIN ENTRY--CORPORATE NAME
Corporate name or jurisdiction name as entry element ConstructionSkills
9 (RLIN) 5077
245 00 - TITLE STATEMENT
Title ConstructionSkills migrant workers
520 ## - SUMMARY, ETC.
Summary, etc. Provides support to UK construction employers who employ migrant workers. Information and resources cover the following areas: workers' skills, including routes to qualification, UK competence standards and card schemes; recruitment essentials such as employment law, workers rights, and induction; and health and safety best practice on site. Also contains details of training courses and relevant publications.
590 ## - LOCAL NOTE (RLIN)
Local note KA NTK
651 #4 - SUBJECT ADDED ENTRY--GEOGRAPHIC NAME
Geographic name United Kingdom
Chronological subdivision
690 ## - LOCAL SUBJECT ADDED ENTRY--TOPICAL TERM (OCLC, RLIN)
Topical term or geographic name as entry element BUILT ENVIRONMENT
856 40 - ELECTRONIC LOCATION AND ACCESS
Uniform Resource Identifier <a href="https://www.constructionmigrantworkers.co.uk/">https://www.constructionmigrantworkers.co.uk/</a>
Public note View the website free of charge at www.constructionmigrantworkers.co.uk...
942 ## - ADDED ENTRY ELEMENTS (KOHA)
Suppress in OPAC 0
Holdings
Withdrawn status Lost status Source of classification or shelving scheme Damaged status Not for loan Home library Current library Shelving location Date acquired Total Checkouts Full call number Barcode Date last seen Copy number Price effective from Koha item type
    Dewey Decimal Classification     Virtual Virtual Online 11/05/2007   ONLINE PUBLICATION 138007-2001 06/08/2019 1 06/08/2019 Online material